<?xml version="1.0" encoding="UTF-8"?>
<collection xmlns="http://www.loc.gov/MARC21/slim">
 <record>
  <leader>01141cam a22002892  4500</leader>
  <controlfield tag="001">1120847524</controlfield>
  <controlfield tag="003">DE-627</controlfield>
  <controlfield tag="005">20220516125347.0</controlfield>
  <controlfield tag="007">tu</controlfield>
  <controlfield tag="008">960311s1948    xx |||||      00| ||pol c</controlfield>
  <datafield tag="035" ind1=" " ind2=" ">
   <subfield code="a">(DE-627)1120847524</subfield>
  </datafield>
  <datafield tag="035" ind1=" " ind2=" ">
   <subfield code="a">(DE-576)05084752X</subfield>
  </datafield>
  <datafield tag="035" ind1=" " ind2=" ">
   <subfield code="a">(DE-599)BSZ05084752X</subfield>
  </datafield>
  <datafield tag="035" ind1=" " ind2=" ">
   <subfield code="a">(OCoLC)123150595</subfield>
  </datafield>
  <datafield tag="040" ind1=" " ind2=" ">
   <subfield code="a">DE-627</subfield>
   <subfield code="b">ger</subfield>
   <subfield code="c">DE-627</subfield>
   <subfield code="e">rakwb</subfield>
  </datafield>
  <datafield tag="041" ind1=" " ind2=" ">
   <subfield code="a">pol</subfield>
  </datafield>
  <datafield tag="100" ind1="1" ind2=" ">
   <subfield code="a">Dobrowolski, Tadeusz</subfield>
   <subfield code="d">1899-1984</subfield>
   <subfield code="0">(DE-588)101537522</subfield>
   <subfield code="0">(DE-627)54402768X</subfield>
   <subfield code="0">(DE-576)288719883</subfield>
   <subfield code="4">aut</subfield>
  </datafield>
  <datafield tag="245" ind1="1" ind2="0">
   <subfield code="a">Polskie malarstwo portretowe</subfield>
   <subfield code="b">ze studiów nad szuka epoki sarmatyzmu</subfield>
   <subfield code="c">Tadeusz Dobrowolski</subfield>
  </datafield>
  <datafield tag="264" ind1=" " ind2="1">
   <subfield code="a">Kraków</subfield>
   <subfield code="c">1948</subfield>
  </datafield>
  <datafield tag="300" ind1=" " ind2=" ">
   <subfield code="a">239 S.</subfield>
   <subfield code="b">zahlr. Ill.</subfield>
  </datafield>
  <datafield tag="336" ind1=" " ind2=" ">
   <subfield code="a">Text</subfield>
   <subfield code="b">txt</subfield>
   <subfield code="2">rdacontent</subfield>
  </datafield>
  <datafield tag="337" ind1=" " ind2=" ">
   <subfield code="a">ohne Hilfsmittel zu benutzen</subfield>
   <subfield code="b">n</subfield>
   <subfield code="2">rdamedia</subfield>
  </datafield>
  <datafield tag="338" ind1=" " ind2=" ">
   <subfield code="a">Band</subfield>
   <subfield code="b">nc</subfield>
   <subfield code="2">rdacarrier</subfield>
  </datafield>
  <datafield tag="787" ind1="0" ind2="8">
   <subfield code="i">Rezensiert in</subfield>
   <subfield code="a">Piwocki, Ksawery, 1901 - 1974</subfield>
   <subfield code="t">[Rezension von: Tadeusz Dobrowolski, Polskie malarstwo portretowe, ze studiów nad sztuką epoki sarmatyzmu]</subfield>
   <subfield code="d">Warszawa : Państwowy Instytut Sztuki, 1951</subfield>
   <subfield code="w">(DE-627)1568139039</subfield>
   <subfield code="w">(DE-576)498139034</subfield>
  </datafield>
  <datafield tag="951" ind1=" " ind2=" ">
   <subfield code="a">BO</subfield>
  </datafield>
  <datafield tag="991" ind1=" " ind2=" ">
   <subfield code="a">Rezensiertes Werk</subfield>
  </datafield>
  <datafield tag="999" ind1=" " ind2=" ">
   <subfield code="a">KXP-PPN1120847524</subfield>
   <subfield code="e">4543076494</subfield>
  </datafield>
 </record>
</collection>
